| 000 | 003330000a22001450004500 | ||
|---|---|---|---|
| 003 | MACL | ||
| 040 | _aMACL | ||
| 090 |
_c4044 _d4043 |
||
| 100 | _aSingh, Parminder | ||
| 245 | _aSemiotic Analysis Of Rajarao's Serpent and The Rope | ||
| 260 |
_bBahri Publications _c1991 |
||
| 350 | _a130 | ||
| 650 | _aPhilosophy | ||
| 942 |
_cBOOK _k100 |
||
| 999 |
_c4010 _d4010 |
||